Statistics for Cities by Former Name - Beyond Thunderdome

Click here to take the quiz!

General Stats

  • This quiz has been taken 17,366 times
  • The average score is 18 of 50

Answer Stats

OldYearsCurrent name% Correct
Nieuw Amsterdam1624–1664New York
97%
Leningrad1924–1991St. Petersburg
93%
Constantinople300s–1930Istanbul
92%
Peking?XBeijing
90%
Bombay?–1995Mumbai
90%
Calcutta?–2001Kolkata
76%
Tenochtitlán1325–1521XMexico City
73%
Edo1457–1868XTokyo
65%
Saigon1698–1975Ho Chi Minh City
63%
Nur-Sultan2019–2022XAstana
58%
Danzig?–1945Gdańsk
58%
Gyeongseong1910–1945XSeoul
52%
Stalingrad1925–1961Volgograd
52%
Léopoldville1881–1966XKinshasa
48%
Neápolis500s BC–?Naples
45%
Thebes, Egypt
?Luxor
44%
Königsberg1255–1945Kaliningrad
43%
Lutetiac. 50 AD–400sXParis
43%
Rangoon?Yangon
40%
Batavia1619–1949XJakarta
37%
Madras?–1996Chennai
36%
Colonia Lucia Annia Commodiana192XRome
36%
Angorac. 1073–1923XAnkara
35%
Christiania1624–1925XOslo
35%
Aquae Sulis60 AD–?Bath
32%
Smyrna?İzmir
30%
Eboracum71 AD–600sYork
30%
Ciudad de los Reyes1500sXLima
28%
Mediolanum390 BC–?Milan
28%
Bangalore?–2006Bengaluru
27%
Dùn Èideann?Edinburgh
22%
Colonia Agrippinac 1 AD–?Cologne
20%
Breslau?–1945Wrocław
19%
Ciudad Trujillo1936–1961XSanto Domingo
18%
Gorky1932–1990Nizhny Novgorod
17%
Yerba Buena1700s–1847San Francisco
17%
Stettin?–1945Szczecin
17%
York1793–1834Toronto
17%
Ragusa?Dubrovnik
15%
Karl-Marx-Stadt1953–1990Chemnitz
13%
Salisbury1890–1982XHarare
13%
Philadelphia
200s BC–600s
XAmman
12%
Monkchester400s–1080Newcastle upon Tyne
11%
Carthago Nova?Cartagena
10%
El-Anfa?–1400sCasablanca
9%
Port Elizabeth1820–2021Gqeberha
8%
Hot Springs, New Mexico1916–1950Truth or Consequences
8%
Mysore?–2014Mysuru
7%
Barrow1825–2016Utqiagvik
7%
Granville1870–1886Vancouver
7%

Score Distribution

Percentile by Number Answered

Percent of People with Each Score

Your Score History

You have not taken this quiz